000 00903nam1a22002411i 4500
001 rc\4580972
005 20240725235640.0
035 _a(NLR Aleph) 008379033
090 _a9105916
_c9105916
100 _a20130416d1967 |||y0rusy50 ca
101 0 _arus
102 _aRU
105 _a a |||||
200 1 _aМатериалы к биобиблиографии ученых СССР
_eВып. 1-
_fАН СССР
_iСерия технических наук. Теплотехника
210 _aМосква
_cНаука
_d1967
215 _d16
300 _aСводная не собирается по согласованию с ЦСБ
300 _aНа обл. загл.: Биобиблиография ученых СССР
512 0 _aБиобиблиография ученых СССР
801 0 _aRU
_bNLR
_gpsbo
801 1 _aRU
_bELAR
_2rusmarc
852 _aNLR
_j641/М-69
942 _cBOOK